000 00980nam a2200301 i 4500
003 EG-GICUC
005 20260501200222.0
008 260501s1961 ve ||||fr|||| 000 0 spa d
040 _aEG-GiCUC
_bspa
_cEG-GiCUC
_dEG-GiCUC
_erda
082 0 4 _221
_a343.5087
_bME . C
092 0 4 _221
099 _aLaw1 10 343.5087 ME . C 1961
100 1 _aMendozat, Jose Rafael
_eAuthor.
245 1 0 _aCurso De Derecho Penal Venezolano :
_bDe La Parte Especial De Los Delitos Contra La Propiedad.
_nTomo II /
_cJose Rafael Mendozat.
250 _a2a. Edición
264 1 _aMadrid :
_bGráficas «letra»,
_c1961.
300 _a529pages :
_billustrations,
_c24 cm
336 _2rda content
_atext
337 _2rda media
_aComputer
338 _2rda carrier
_aOnline Resource
504 _a
546 _aText in Spanish
650 1 4 _aCriminal law
_2
651 1 _2
856 4 0 _uhttps://fll.law.cu.edu.eg/fulltext/bks/B10-10826.pdf
905 _a50
942 _2ddc
_cBK
_e21
_n0
999 _c74664
_d74664